Código Tributario: edición oficial, aprobada por Decreto N§406, de 30 de mayo de 2007, del Ministerio de Justicia

Guardat en:
Dades bibliogràfiques
Format: Llibre
Idioma:espanyol
Publicat: Santiago Jurídica de Chile 2007
Edició:20a. ed
Matèries:
Etiquetes: Afegir etiqueta
Sense etiquetes, Sigues el primer a etiquetar aquest registre!

MARC

LEADER 00000nam a2200000 a 4500
001 UCI4049
003 CL-VaPUC
008 071214e20070000CL |||||||||||||||||spa|d
020 |a 9789561018112 
082 0 4 |a 343.8304  |b COD  |2 21 
245 1 0 |a Código Tributario: edición oficial, aprobada por Decreto N§406, de 30 de mayo de 2007, del Ministerio de Justicia 
250 |a 20a. ed 
300 |a 548 p 
942 |c BK 
945 |d 20071214 00:00:00  |a jtorresc 
260 |a Santiago  |b Jurídica de Chile  |c 2007 
500 |a Actualizada al 14 de septiembre de 2007 
650 0 |a Derecho tributario  |9 258895 
650 0 |a Código tributario  |9 350428 
650 0 |a Jurisprudencia  |9 255952 
651 7 |a CHILE  |2 CL-VaPUC  |9 525681 
583 |a last modification  |c 20111014 11:32:29  |k Rodrigo Vera 
999 |c 328048  |d 328046 
952 |0 0  |1 0  |2 ddc  |4 0  |6 343_830400000000000_COD_2007  |7 0  |8 FOND_LRYV  |9 411756  |a BIBDER  |b BIBDER  |d 2019-11-22  |i 4396030  |o 343.8304 COD 2007  |p 4396030  |r 2023-01-25  |w 2019-11-22  |y BK_X  |k DER 
952 |0 0  |1 0  |2 ddc  |4 0  |6 343_830400000000000_COD_2007  |7 0  |8 FOND_LRYV  |9 411757  |a BIBDER  |b BIBDER  |d 2019-11-22  |i 4508939  |o 343.8304 COD 2007  |p 4508939  |r 2023-01-25  |w 2019-11-22  |y BK_X  |k DER